Erraten Sie die Fußballer anhand ihrer Karrierewege #4 - Statistiken

Allgemein
  • Dieses Quiz wurde 120 mal gespielt
  • Das Durchschnittsergebnis liegt bei 4 aus 10
Antwortstatistiken
Spieler Fußballvereine % Korrekt
Raúl
91%
Olivier Kahn
77%
Didier Drogba
55%
David Villa
46%
Alan Shearer
36%
Fabio Cannavaro
36%
Javier Zanetti
23%
Rui Costa
17%
Gary Lineker
15%
Frank Rijkaard
13%
Keine übereinstimmenden Quizze gefunden
Verteilung der Resultate
Anzahl Personen mit jedem Resultat
Perzentil nach korrekt beantworteten Fragen
Ihre Resultats-Entwicklung
Sie haben dieses Quiz noch nicht gespielt